Quizzes
Events
Quiz Creation
Community
Videos
Private Events
Remove Ads
Sign In
Join for FREE
Feedback
Dark Mode
Quiz Categories
Sports
Geography
Music
Movies
Television
Just For Fun
Miscellaneous
History
Literature
Language
Science
Gaming
Entertainment
Religion
Holiday
For Kids
Quiz Lab
Recent
Popular Today
Quiz Kudos Today
Editor Picks
Curator Picks
Quizzes by...
Day
Popularity
Type
Ratings
Length
Year
Community
Subscriptions
Recent Discussions
Orange Saloon
Badges
Playlists
Quests
Create
Leaderboards
Showdown
Live 5
Trivia Bingo
Activity
Puzzle Library
Sporcle Events
Private Events
Virtual Trivia
Globe League
Become a Host
Pub Owners
SporcleCon
Opinionation
Our Games
Videos
Blog
Mobile Apps
Partnerships
Remove Ads and Go Orange
Feedback
Geography
Country
Landmarks
City
State
Population
World
Capital
Continent
Flags
Europe
Africa
Asia
South America
North America
Oceania
Border
Canada
United Kingdom
Topography
United States
Geography
Country
Landmarks
City
State
Population
World
Capital
Continent
Flags
Europe
Africa
Asia
South America
North America
Oceania
Border
Canada
United Kingdom
Topography
United States
Random Quiz
Search Sporcle
×
Quiz Lab
Quiz Lab
Geography
Country
Type in answers that appear in a list
Type in answers that appear in a list
Classic
Best Score? Go Orange.
Countrys without peninsula Stats
Can you name the countrys without peninsula?
By
omly11
11m
98 Questions
9 Plays
9 Plays
9 Plays
Comments
Comments
Give Quiz Kudos
Give Quiz Kudos
-
- Ratings
hide this ad
Wrong Answers
Some wrong answers will appear in red
Some wrong answers will appear in red
Replay
Link that replays current quiz
Next Quiz
Link to next quiz in quiz playlist
You Got
0%
They Got
Avg Score
42%
Avg Friend Score
Upgrade to see
Score Distribution
Jump to the score distribution portion of the page
Score
0/98
Timer
11:00
0
Plays Today
% Correct
???
77.8%
???
66.7%
???
66.7%
???
66.7%
???
66.7%
???
66.7%
???
66.7%
???
66.7%
???
66.7%
???
55.6%
???
55.6%
???
55.6%
???
55.6%
???
55.6%
???
55.6%
???
55.6%
???
55.6%
???
55.6%
???
55.6%
???
55.6%
???
55.6%
???
55.6%
???
55.6%
???
55.6%
???
55.6%
???
55.6%
???
55.6%
???
55.6%
???
55.6%
???
55.6%
???
55.6%
???
55.6%
???
55.6%
% Correct
???
55.6%
???
55.6%
???
55.6%
???
44.4%
???
44.4%
???
44.4%
???
44.4%
???
44.4%
???
44.4%
???
44.4%
???
44.4%
???
44.4%
???
44.4%
???
44.4%
???
44.4%
???
44.4%
???
44.4%
???
44.4%
???
44.4%
???
44.4%
???
44.4%
???
44.4%
???
44.4%
???
44.4%
???
44.4%
???
44.4%
???
44.4%
???
44.4%
???
44.4%
???
44.4%
???
44.4%
???
33.3%
???
33.3%
% Correct
???
33.3%
???
33.3%
???
33.3%
???
33.3%
???
33.3%
???
33.3%
???
33.3%
???
33.3%
???
33.3%
???
33.3%
???
33.3%
???
33.3%
???
33.3%
???
33.3%
???
33.3%
???
33.3%
???
33.3%
???
22.2%
???
22.2%
???
22.2%
???
22.2%
???
22.2%
???
22.2%
???
22.2%
???
22.2%
???
11.1%
???
0%
???
0%
???
0%
???
0%
???
0%
???
0%
Quiz Playlist
Details
Report
Send in Message
Add To Playlist
Classic:
Type in answers that appear in a list
Wrong Answers:
Some wrong answers will appear in red
Last Updated: Feb 16, 2017
Quiz Scoreboard
CHALLENGE
Sign Up to Join the Scoreboard
Show All
Scores
Hide
Comments
May contain spoilers
Recently Published
1-10 Letter E Words III
by El_Dandy
Language
2m
One Thing in Common: World Cities II
by knightlancer
Geography
7m
Popular People in 1961
by mucciniale
History
6m
More to Explore
Quiz From the Vault
Featured Blog Post
Where Did the Easter Bunny Come From?
hide this ad
You Might Also Like...
Tags
Country Quiz
peninsula
Today's Top Quizzes in Geography
Browse Geography
hide this ad
Today's Top Quizzes in Country
Browse Country
Top Contributed Quizzes in Geography
1
Countries of the World - No Outlines Minefield
2
African Flag Reveal XLV
3
Top 25 Cities of France on a map
4
Closest Countries to UK A-Z
5
Blind Secret Country CLXXXVIII
6
Find the US States - No Outlines
7
One Thing in Common: Asia
8
Blind Ultimate Minefield: Asia
9
30 Pics in 60: Landmark Cities
10
Find the States of India (Picture Click)
Explore More
Trending Topics
Kpop
Marvel
Disney
Anime
Harry Potter
Crossword
NBA
Soccer
Puzzle
Pokémon
The Office
NFL
Song
Country
WWE
hide this ad
More By:
omly11
Quiz
Plays
Rating
Category
Featured
Created
Near Kyrgyzstan of not
2,434
3.53
Geography
Dec 31, 2012
Top 18 countries ( Religion)
2,375
3.78
Geography
Mar 17, 2013
Usa Bordering countries
979
1.94
Geography
Feb 5, 2013
Canada Bordering Country
382
2.53
Geography
Feb 2, 2013
Richest Countries to Poorest Countries
215
2.33
Geography
Oct 11, 2012
Go to Creator's Profile
Score Distribution
Quiz Creator Spotlight
omly11
Follow
Send a Message
Quizzes Created
-
Created Quiz Play Count
-
More By This Creator
Popular Quizzes Today
1
Find the US States - No Outlines Minefield
2
The Countries of the World
3
Popular People in 1961
4
Find the Countries of Europe - No Outlines Minefield
5
1-10 Letter E Words III
6
Find the US States
7
One Thing in Common: World Cities II
8
US States
More Geography Quizzes
Postcards from the Dome
Quiz Lab
Trending Quizzes
1-10 Letter F Words
One Thing in Common: Music
1-10 Letter G Words
Risky Map Clicking: Next State Alphabetically
1-10 Letter F Words II
Recently Updated
Leaping Animals
pecheneg
Reality TV Shows (A-Z)
bhenderson79
Rickey Henderson's Hall of Fame Teammates
pecheneg
Champions League XIs: Arsenal
pecheneg
Quick Pick: Celebrities in WWE's Hall of Fame
aduchscher
A-Z Keypad Blitz II
pecheneg
Multiple Oscar Actors
pecheneg
Mystery Phrase Blitz: Oscar 'Best Actors'
pecheneg
F. Scott Fitzgerald Novels
LTH
Pick 3 Villains
ddd62291
Trending Topics
Anime
Marvel
Kpop
Harry Potter
NBA
Disney
Crossword
The Office
Soccer
Song
NFL
WWE
Country
Puzzle
Pokémon
Your Account Isn't Verified!
In order to create a playlist on Sporcle, you need to verify the email address you used during registration. Go to your
Sporcle Settings
to finish the process.
Report this User
Report this user for behavior that violates our
Community Guidelines
.
Details:
Send Report
Go to the Sporcle.com Mobile Site →
Comments